| 000 | 00481nam a2200181Ia 4500 | ||
|---|---|---|---|
| 005 | 20250603144600.0 | ||
| 008 | 250603s9999 xx 000 0 und d | ||
| 020 | _a9781774911624 | ||
| 050 | _aTP 370 .N68/ | ||
| 100 | _aEdited by Veena, N. (Nagaraj). | ||
| 245 | 0 | _abiotechnological, physicochemical, and mathematical approache | |
| 260 | _aPalm Bay | ||
| 260 | _bApple Academic Press | ||
| 260 | _c2023 | ||
| 300 | _axxx, 326p.: ill. | ||
| 650 | _aPalm Bay | ||
| 942 | _cBK | ||
| 999 |
_c39350 _d39350 |
||